00614nam a22001457a 4500008004100000082001100041100001900052245002500071260004800096300000900144942000800153999001500161952014600176952014600322260423b |||||||| |||| 00| 0 eng d a001280 aDas, Bholanath aPratishakya- Panini  aDelhibNew Bharatiya Book Corporationc2021 a254p 2ddc c1282d1282 00102ddc406001280_0000000000000007091544aKSUbKSUcGENd2026-04-23eBook Paradisei94470l0o001280p001280r2026-04-23w2026-04-23yBK 00102ddc406001280_0000000000000007091545aKSUbKSUcGENd2026-04-23eBook Paradisei94470l0o001280p001281r2026-04-23w2026-04-23yBK